Отылым куаш куралын шушкыдэмдымэ да ик ийашлан шижым куралын кодымо (Запись № 9495809)
[ простой вид ]
| 000 -МАРКЕР | |
|---|---|
| контрольное поле | 01452nam0a2200337 4500 |
| 001 - ИДЕНТИФИКАТОР ЗАПИСИ | |
| контрольное поле | RU\NLR\ONL1\2638 |
| 005 - ИДЕНТИФИКАТОР ВЕРСИИ | |
| контрольное поле | 20250613113851.0 |
| 035 ## - ДРУГИЕ СИСТЕМНЫЕ НОМЕРА | |
| Идентификатор записи | (NLR Aleph) 009631391 |
| 100 ## - ДАННЫЕ ОБЩЕЙ ОБРАБОТКИ | |
| Данные общей обработки | 20040226d1930 |||y0rusy50 ca |
| 101 0# - ЯЗЫК РЕСУРСА | |
| Язык текста, звукозаписи и т.д. | марийский |
| 102 ## - СТРАНА ПУБЛИКАЦИИ ИЛИ ПРОИЗВОДСТВА | |
| Страна публикации | Российская Федерация |
| 105 ## - ПОЛЕ КОДИРОВАННЫХ ДАННЫХ: ТЕКСТОВЫЕ МАТЕРИАЛЫ, МОНОГРАФИЧЕСКИЕ | |
| Кодированные данные о монографическом текстовом документе | y ||||||||| |
| 135 ## - ПОЛЕ КОДИРОВАННЫХ ДАННЫХ: ЭЛЕКТРОННЫЕ РЕСУРСЫ | |
| Кодированные данные для электронного ресурса | crgn 008anaba |
| 200 1# - ЗАГЛАВИЕ И СВЕДЕНИЯ ОБ ОТВЕТСТВЕННОСТИ | |
| Основное заглавие | Отылым куаш куралын шушкыдэмдымэ да ик ийашлан шижым куралын кодымо |
| Первые сведения об ответственности | Данилов С. И. |
| Последующие сведения об ответственности | Бэльский Й. кусарэн |
| 210 ## - ПУБЛИКАЦИЯ, РАСПРОСТРАНЕНИЕ И ДР. | |
| Место издания, распространения и т.д. | М. |
| Имя издателя, распространителя и т. д. | ССР Ушэм Калык-влак Ру|дö савыктыш |
| Дата издания, распространения и т.д. | 1930 |
| 215 ## - ФИЗИЧЕСКАЯ ХАРАКТЕРИСТИКА | |
| Специфическое обозначение материала и объем | 18, [1]с. |
| Размеры | 21 |
| 325 1# - ПРИМЕЧАНИЕ О КОПИИ | |
| Текст примечания | Копия доступна в электронной библиотеке РНБ |
| 541 1# - ПЕРЕВОД ЗАГЛАВИЯ, СДЕЛАННЫЙ КАТАЛОГИЗАТОРОМ | |
| Заглавие | Пожнивное лущение и зяблевая вспашка под яровые |
| Язык заглавия | русский |
| 606 0# - НАИМЕНОВАНИЕ ТЕМЫ КАК ПРЕДМЕТ | |
| Наименование темы | Зяблевая вспашка |
| Системный номер авторитетной/нормативной записи | 1089453 |
| Идентификатор авторитетной/нормативной записи | RU\NLR\auth\66427089 |
| 686 1# - ИНДЕКСЫ ДРУГИХ КЛАССИФИКАЦИЙ | |
| Индекс | П143.2 |
| 700 #1 - ИМЯ ЛИЦА - ПЕРВИЧНАЯ ОТВЕТСТВЕННОСТЬ | |
| Начальный элемент ввода | Данилов |
| Часть имени, кроме начального элемента ввода | С. И. |
| Код отношения | Автор |
| 801 #0 - ИСТОЧНИК ЗАПИСИ | |
| Страна | Российская Федерация |
| Организация | NLR |
| Дата составления | 20040226 |
| Правила каталогизации | PSBO |
| 852 ## - МЕСТОНАХОЖДЕНИЕ И ШИФР ХРАНЕНИЯ | |
| Идентификатор организации | NLR |
| Наименование фонда или коллекции (Sub-Location Identifier) | ОНЛ |
| Шифр хранения (Call Number) | Мар.л./3-306 |
| 901 ## - ДАННЫЕ ОБ ОБЪЕКТЕ ОЦИФРОВКИ | |
| -- | Книжные издания |
| 942 ## - ДОПОЛНИТЕЛЬНЫЕ ЭЛЕМЕНТЫ ЗАПИСИ (АБИС) | |
| Тип экземпляра АБИС | Книга |
| 980 ## - КОЛЛЕКЦИЯ | |
| Название коллекции | Национальная библиография |
| 981 23 - КОЛЛЕКЦИЯ ЭЛЕКТРОННОЙ БИБЛИОТЕКИ | |
| Название коллекции | Национальные литературы |
| Название подколлекции | Книги на национальных языках |
| Тип экземпляра | Дата поступления | Библиотека постоянного хранения | Библиотека текущего хранения | Место хранения | Шифр хранения | Штрих-код | Статус экземпляра | Источник поступления |
|---|---|---|---|---|---|---|---|---|
| Книга | 26.10.2013 | РНБ (Московский) | РНБ (Московский) | Фонд национальных литератур | Мар.л./3-306 | 9631391-10 | ||
| Книга | 03.07.2014 | РНБ (Московский) | РНБ (Московский) | Фонд национальных литератур | ОНЛ Мар.л./3-306 | 1-383064 | Обязательный экземпляр |